帕拉帕拉山的妖怪

資料類型: Book 圖書   書目號:51139

Leader xxxxxxxxxx
001 __ PCLIS00051139
005 __ 20220114173802.0
010 0_ |a978-986-92614-6-3|b精裝|dNT$360
042 __ |anbim
100 __ |a20170410d2016    cd y0chiy09      e
101 0_ |achi
102 __ |atw
105 __ |aa   z   000fy
200 1_ |a帕拉帕拉山的妖怪|f賴馬文.圖
205 __ |a第一版
210 __ |a臺北市|c親子天下|d2016[民105]
215 0_ |a[38]面|c彩圖|d26公分|e1 CD
225 12 |a繪本|v0163
300 __ |a著者本名賴建名
330 __ |a小心妖怪就在你身邊……白豬魯魯從山上滾滾滾,滾下來,一臉慘白。昏倒前喃喃的說:「有……妖……怪。」是什麼妖怪,讓魯魯嚇得「豬」容失色?彈珠村的村民該怎麼辦?整個彈珠村一下子沸騰起來……
333 __ |a3-6歲親子共讀, 7-10歲自己閱讀
606 __ |2cst|a兒童文學
700 _0 |a賴馬|4文.圖
681 __ |a859.6|b833
801 _0 |atw|bLibDipper|c20170410|gCCR
801 _2 |atw|b內湖高中|c20220114|gCCR
詳細館藏(共 1 筆)
索 書 號登 錄 號冊次號館別 / 館藏地流通類型狀態加入預約清單電子資源
859.6 / 833 1024711  圖書館 / 二樓繪本專區 可外借30天 在館   

| 條列資料




目錄查詢 分類查詢 個人資料 圖書薦購 新書查詢 閉館日 排行榜 更多電子資源 Hami書城 線上資料庫 登出

From : 216.73.216.116

  本日流通累計至 17:42:49 借閱 : 9 次 續借 : 0 次 歸還 : 10 次 預約 : 0 次 電子資源 : 0 次


內湖高中圖書館  PCLIS 版本  25.5.0.2